000 00560nam a2200217Ia 4500
003 OSt
005 20221007081147.0
006 a|||||r|||| 00| 0
007 ta
008 221006b |||||||| |||| 00| 0 eng d
024 _a27,225
037 _cTextual
040 _aFLL
_cFLL
_beng
041 _2eng
_aeng
082 _aZ462,215, L5
245 0 _aLaw of the sultanate of Oman
260 _aNew York
_bOceana Publications, Inc. New
_c1975
300 _av,1-16-2p
_ccm.
942 _hZ462,215, L5
_cTEXL
_2CC
999 _c1162239
_d1162239